Match the U.S. President to Cause of Death - Statistics

General Stats
  • This quiz has been taken 44 times
  • The average score is 11 of 38
Answer Stats
Hint Answer % Correct
Abraham Lincoln Assassinated (gunshot)
89%
John F. Kennedy Assassinated (gunshot)
78%
James A. Garfield Assassinated (gunshot)
62%
William McKinley Assassinated (gunshot)
62%
Ronald Reagan Alzheimer’s*
54%
William Howard Taft Heart attack/failure/disease
51%
William Henry Harrison Infection/infectious disease
49%
John Adams Heart attack/failure/disease
46%
Dwight D. Eisenhower Heart attack/failure/disease
46%
Warren G. Harding Heart attack/failure/disease
38%
Harry S. Truman Heart attack/failure/disease
38%
Lyndon B. Johnson Heart attack/failure/disease
38%
Woodrow Wilson Stroke
35%
James Madison Heart attack/failure/disease
32%
Rutherford B. Hayes Heart attack/failure/disease
32%
Grover Cleveland Heart attack/failure/disease
32%
Andrew Jackson Heart attack/failure/disease
27%
Gerald Ford Heart attack/failure/disease
27%
George Washington Infection/infectious disease
27%
Calvin Coolidge Heart attack/failure/disease
24%
Zachary Taylor Infection/infectious disease
22%
Benjamin Harrison Infection/infectious disease
16%
Richard Nixon Stroke
16%
Jimmy Carter Cancer
14%
Thomas Jefferson Infection/infectious disease
14%
James Buchanan Infection/infectious disease
14%
George H. W. Bush Parkinson’s*
14%
John Quincy Adams Stroke
14%
Franklin D. Roosevelt Stroke
14%
Ulysses S. Grant Cancer
11%
Franklin Pierce Cirrhosis*
11%
James K. Polk Infection/infectious disease
11%
John Tyler Stroke
8%
Herbert Hoover Internal hemorrhage*
5%
Andrew Johnson Stroke
5%
Chester A. Arthur Stroke
5%
Martin Van Buren Asthma*
3%
Millard Fillmore Stroke
3%
No matching quizzes found
Score Distribution
Percent of People with Each Score
Percentile by Number Answered
Your Score History
You have not taken this quiz